000
00285nam a2200121Ia 4500
100
_a
Jensen/Louis E./ Brazier/W.A
942
_c
BK
654
_a
Automobile
245
_a
Automobile Science & Technology
260
_b
Taraporevala Sons & Co
_c
2001
300
_a
178
546
_a
ENGLISH
999
_c
22532
_d
22532